[Event "Izmailov Memorial op 16th"]
[Site "Tomsk"]
[Date "2012.08.12"]
[Round "7"]
[White "Mukhamadeev, Razit"]
[Black "Elsukov, Vladimir"]
[Result "1-0"]
[WhiteElo "2092"]
[BlackElo "1812"]
[PlyCount "81"]
[EventDate "2012.08.06"]
[EventType "swiss"]
[EventRounds "9"]
[EventCountry "RUS"]
[SourceTitle "CBM 149 Extra"]
[Source "ChessBase"]
[SourceDate "2012.08.24"]
[SourceVersion "1"]
[SourceVersionDate "2012.08.24"]
[SourceQuality "1"]

1. e4 c5 2. Nf3 Nc6 3. c3 e6 4. d4 cxd4 5. cxd4 d5 6. e5 Bb4+ 7. Nc3 Qa5 8. Bd2 Nge7 9. a3 Bxc3 10. Bxc3 Qb6 11. Bd3 Ng6 12. 0-0 Qd8 13. Bd2 Nh4 14. Ng5 Nf5 15. Bxf5 exf5 16. Qh5 g6 17. Qh6 Qe7 18. Nxh7 Qf8 19. Nxf8 Rxh6 20. Bxh6 Nxd4 21. Rfd1 Nb3 22. Rab1 f4 23. Rxd5 Bf5 24. Re1 b6 25. Nh7 Nc5 26. Red1 Be6 27. Rd6 Ne4 28. R6d4 Nc5 29. b4 Nb3 30. Nf6+ Ke7 31. Nd5+ Kd8 32. Nxb6+ Nxd4 33. Rxd4+ Kc7 34. Nxa8+ Kc8 35. Bg5 Bd7 36. Rc4+ Kb8 37. Nc7 Bc8 38. Bxf4 Kb7 39. b5 Bf5 40. a4 Bd3 41. Rc3 1-0

[Event "Izmailov Memorial op 16th"]
[Site "Tomsk"]
[Date "2012.08.07"]
[Round "2"]
[White "Mukhamadeev, Razit"]
[Black "Monastyrev, Stepan"]
[Result "1/2-1/2"]
[WhiteElo "2092"]
[BlackElo "1934"]
[PlyCount "144"]
[EventDate "2012.08.06"]
[EventType "swiss"]
[EventRounds "9"]
[EventCountry "RUS"]
[SourceTitle "CBM 149 Extra"]
[Source "ChessBase"]
[SourceDate "2012.08.24"]
[SourceVersion "1"]
[SourceVersionDate "2012.08.24"]
[SourceQuality "1"]

1. e4 Nc6 2. d4 e5 3. d5 Nce7 4. f4 Ng6 5. Qf3 exf4 6. Bxf4 Qf6 7. Bc1 Qb6 8. Qb3 Bc5 9. Qxb6 axb6 10. Nf3 Nf6 11. Bd3 0-0 12. Nc3 c6 13. Bg5 Ng4 14. Kd2 h6 15. Bh4 Be3+ 16. Ke2 Nf4+ 17. Kf1 g5 18. Bg3 d6 19. h3 Ne5 20. Nxe5 dxe5 21. Bxf4 exf4 22. Ke2 Re8 23. g3 b5 24. gxf4 Bxf4 25. a3 f5 26. Kf3 fxe4+ 27. Bxe4 Bd7 28. dxc6 Bxc6 29. Bxc6 bxc6 30. Rhe1 Be5 31. Rad1 Rf8+ 32. Kg2 Rf5 33. Rd3 Raf8 34. Re2 R8f7 35. Nd1 Bc7 36. Re6 Rc5 37. c3 Kg7 38. Rde3 Rd5 39. Re1 Rd2+ 40. R6e2 Rfd7 41. Nf2 Bb6 42. Ne4 Rd1 43. Rxd1 Rxd1 44. Nf2 Rb1 45. Nd3 Rg1+ 46. Kh2 Rd1 47. Nb4 c5 48. Nc2 Rb1 49. Ne3 Bc7+ 50. Kg2 Bf4 51. Nd5 Bc1 52. b4 Bxa3 53. bxc5 Bxc5 54. Nc7 Bb6 55. Nd5 Bc5 56. Nc7 Kg6 57. Re6+ Kf5 58. Rc6 Rb2+ 59. Kg3 Ba7 60. Rxh6 Bb8 61. Rc6 Rc2 62. Kf3 Bxc7 63. Rxc7 b4 64. Rc5+ Kg6 65. cxb4 Rb2 66. Rc4 Kh5 67. Rg4 Rh2 68. Kg3 Rb2 69. Re4 Rb3+ 70. Kg2 Rb2+ 71. Kf3 Rb3+ 72. Kg2 Kg6 1/2-1/2

[Event "Novosibirsk Sukharev Memorial Seniors"]
[Site "Novosibirsk"]
[Date "2012.??.??"]
[Round "8"]
[White "Mukhamadeev, Razit"]
[Black "Romanov, Viktor"]
[Result "1/2-1/2"]
[WhiteElo "2092"]
[BlackElo "1977"]
[PlyCount "52"]
[EventDate "2012.07.18"]
[EventType "swiss"]
[EventRounds "9"]
[EventCountry "RUS"]
[SourceTitle "EXT 2014"]
[Source "ChessBase"]
[SourceDate "2013.11.20"]
[SourceVersion "1"]
[SourceVersionDate "2013.11.20"]
[SourceQuality "1"]

1. e4 e6 2. d4 d5 3. e5 c5 4. c3 Nc6 5. Nf3 cxd4 6. cxd4 Bb4+ 7. Nc3 Bd7 8. Bd3 Nge7 9. 0-0 Bxc3 10. bxc3 Qa5 11. Bd2 Qc7 12. Qe2 Rc8 13. Nh4 Na5 14. Qg4 Ng6 15. f4 Nxh4 16. Qxh4 Nc4 17. Bxc4 Qxc4 18. Qg3 g6 19. Qg5 Qd3 20. f5 exf5 21. Qf6 Qxd2 22. Qxh8+ Ke7 23. Qf6+ Ke8 24. Rab1 b6 25. Qh8+ Ke7 26. Qf6+ Ke8 1/2-1/2

[Event "Novosibirsk AS-90 Seniors op"]
[Site "Novosibirsk"]
[Date "2010.11.27"]
[Round "7.2"]
[White "Morozov, Vladimir B"]
[Black "Mukhamadeev, Razit"]
[Result "0-1"]
[WhiteElo "1988"]
[BlackElo "2078"]
[PlyCount "103"]
[EventDate "2010.11.05"]
[EventType "swiss"]
[EventRounds "9"]
[EventCountry "RUS"]
[SourceTitle "EXT 2022"]
[Source "ChessBase"]
[SourceDate "2021.10.06"]
[SourceVersion "1"]
[SourceVersionDate "2021.10.06"]
[SourceQuality "1"]

1. Nf3 Nf6 2. d4 d5 3. c4 e6 4. Nc3 Bb4 5. a3 Bxc3+ 6. bxc3 Ne4 7. Qc2 b6 8. e3 0-0 9. Bd3 Bb7 10. Nd2 f5 11. 0-0 Nd7 12. f3 Nxd2 13. Bxd2 Nf6 14. cxd5 Bxd5 15. e4 Bb7 16. exf5 exf5 17. Bxf5 Qd5 18. Rae1 Bc8 19. Re5 Bxf5 20. Rxf5 Qc4 21. Re1 Rad8 22. Bg5 Rd6 23. Bxf6 Rdxf6 24. Rxf6 Rxf6 25. Re8+ Rf8 26. Qe4 h6 27. Qe6+ Qxe6 28. Rxe6 Kf7 29. Rc6 Rc8 30. d5 Ke7 31. Kf2 Kd7 32. Rg6 Rg8 33. Ke3 Re8+ 34. Kd4 Re7 35. f4 a5 36. f5 a4 37. c4 Rf7 38. Ke5 Re7+ 39. Re6 Rf7 40. g4 Rf8 41. h4 Rb8 42. g5 hxg5 43. hxg5 Rh8 44. f6 gxf6+ 45. Rxf6 Rh3 46. Rf4 Ke7 47. g6 Re3+ 48. Kd4 Rxa3 49. Rf7+ Kd6 50. Rf6+ Ke7 51. Rc6 Kd7 52. Rf6 0-1

[Event "Novosibirsk AS-90 Seniors op"]
[Site "Novosibirsk"]
[Date "2010.11.20"]
[Round "6.1"]
[White "Mukhamadeev, Razit"]
[Black "Vanin, Vladimir Livovich"]
[Result "1/2-1/2"]
[WhiteElo "2078"]
[BlackElo "2078"]
[PlyCount "50"]
[EventDate "2010.11.05"]
[EventType "swiss"]
[EventRounds "9"]
[EventCountry "RUS"]
[SourceTitle "EXT 2022"]
[Source "ChessBase"]
[SourceDate "2021.10.06"]
[SourceVersion "1"]
[SourceVersionDate "2021.10.06"]
[SourceQuality "1"]

1. e4 c5 2. Nf3 Nc6 3. c3 d5 4. exd5 Qxd5 5. d4 Bg4 6. Be2 e6 7. 0-0 Nf6 8. Re1 Be7 9. Be3 cxd4 10. Nxd4 Bxe2 11. Qxe2 0-0 12. Nd2 Rfd8 13. N2f3 Nxd4 14. Bxd4 b6 15. c4 Qb7 16. Rad1 Rac8 17. b3 Bb4 18. Bxf6 gxf6 19. Rxd8+ Rxd8 20. Rd1 Qe7 21. Rxd8+ Qxd8 22. h4 Qd6 23. Qe4 Qd1+ 24. Kh2 Bd6+ 25. g3 Qf1 1/2-1/2

[Event "Novosibirsk AS-90 Seniors op"]
[Site "Novosibirsk"]
[Date "2010.11.05"]
[Round "1.3"]
[White "Mukhamadeev, Razit"]
[Black "Balutin, Sergei"]
[Result "1-0"]
[WhiteElo "2078"]
[BlackElo "1879"]
[PlyCount "63"]
[EventDate "2010.11.05"]
[EventType "swiss"]
[EventRounds "9"]
[EventCountry "RUS"]
[SourceTitle "EXT 2022"]
[Source "ChessBase"]
[SourceDate "2021.10.06"]
[SourceVersion "1"]
[SourceVersionDate "2021.10.06"]
[SourceQuality "1"]

1. e4 e5 2. Nf3 Nc6 3. d4 exd4 4. Bc4 Qf6 5. 0-0 Ne5 6. Nxe5 Qxe5 7. f4 Qc5 8. Qd3 a6 9. b4 Qxb4 10. Ba3 Qb6 11. Bxf8 Kxf8 12. Nd2 c5 13. Rab1 Qa5 14. Bd5 Rb8 15. Nc4 Qc7 16. Rb6 Ne7 17. Rfb1 Nxd5 18. exd5 Qxf4 19. Rf1 Qg5 20. Qf3 Qe7 21. Qg3 Ra8 22. Re1 Qd8 23. Nd6 f6 24. Re8+ Qxe8 25. Nxe8 Kxe8 26. Qxg7 Rf8 27. Rxf6 Rxf6 28. Qxf6 d6 29. Qxd6 Bd7 30. Qxc5 Bf5 31. Qxd4 Bxc2 32. Qh8+ 1-0

[Event "SFR-ch Seniors"]
[Site "Kiselevsk"]
[Date "2010.10.16"]
[Round "8"]
[White "Mukhamadeev, Razit"]
[Black "Bogachev, Alexandr"]
[Result "1/2-1/2"]
[WhiteElo "2088"]
[BlackElo "2059"]
[PlyCount "86"]
[EventDate "2010.10.11"]
[EventType "swiss"]
[EventRounds "9"]
[EventCountry "RUS"]
[SourceTitle "EXT 2022"]
[Source "ChessBase"]
[SourceDate "2021.10.06"]
[SourceVersion "1"]
[SourceVersionDate "2021.10.06"]
[SourceQuality "1"]

1. e4 c6 2. d4 d5 3. exd5 cxd5 4. Bd3 Nc6 5. c3 g6 6. Nf3 Bg7 7. 0-0 Nf6 8. Bf4 Nh5 9. Be3 0-0 10. Qd2 Re8 11. Bh6 Bg4 12. Bxg7 Bxf3 13. Bh6 Be4 14. Bxe4 dxe4 15. d5 Ne5 16. Qd4 Ng4 17. Bg5 Qd6 18. g3 f5 19. f3 Nxg3 20. Rf2 Nxf2 21. Qxf2 Nh5 22. c4 exf3 23. Nc3 b6 24. b3 Qe5 25. Qxf3 Rac8 26. Rd1 a6 27. Na4 b5 28. Nb6 h6 29. Bh4 Rc7 30. Re1 Qd6 31. Re6 Qc5+ 32. Bf2 Qa3 33. d6 Rc5 34. Nd5 bxc4 35. d7 Rf8 36. Rxe7 cxb3 37. Re8 Rc1+ 38. Kg2 Qd6 39. d8Q Qxd8 40. Rxd8 Rxd8 41. Qxb3 Kg7 42. Qb2+ Kh7 43. Qxc1 Rxd5 1/2-1/2

[Event "SFR-ch Seniors"]
[Site "Kiselevsk"]
[Date "2010.10.15"]
[Round "6"]
[White "Emeljashin, Yury"]
[Black "Mukhamadeev, Razit"]
[Result "1/2-1/2"]
[WhiteElo "2065"]
[BlackElo "2088"]
[PlyCount "35"]
[EventDate "2010.10.11"]
[EventType "swiss"]
[EventRounds "9"]
[EventCountry "RUS"]
[SourceTitle "EXT 2022"]
[Source "ChessBase"]
[SourceDate "2021.10.06"]
[SourceVersion "1"]
[SourceVersionDate "2021.10.06"]
[SourceQuality "1"]

1. e4 c5 2. Nc3 Nc6 3. Bb5 Nd4 4. Bc4 d6 5. d3 g6 6. Nce2 Bg7 7. c3 Nxe2 8. Nxe2 Nf6 9. f3 0-0 10. Be3 b6 11. d4 cxd4 12. Nxd4 Bb7 13. Bb3 e5 14. Nb5 d5 15. exd5 Nxd5 16. Bxd5 Bxd5 17. Nc7 Qxc7 18. Qxd5 1/2-1/2

[Event "SFR-ch Seniors"]
[Site "Kiselevsk"]
[Date "2010.10.14"]
[Round "5"]
[White "Irinchinov, Vladimir"]
[Black "Mukhamadeev, Razit"]
[Result "0-1"]
[WhiteElo "1962"]
[BlackElo "2088"]
[PlyCount "68"]
[EventDate "2010.10.11"]
[EventType "swiss"]
[EventRounds "9"]
[EventCountry "RUS"]
[SourceTitle "EXT 2022"]
[Source "ChessBase"]
[SourceDate "2021.10.06"]
[SourceVersion "1"]
[SourceVersionDate "2021.10.06"]
[SourceQuality "1"]

1. e4 c5 2. Nf3 Nc6 3. Bb5 a6 4. Bxc6 dxc6 5. d3 Bg4 6. h3 Bh5 7. Be3 e6 8. Nbd2 Be7 9. Nb3 h6 10. a4 a5 11. g4 Bg6 12. h4 h5 13. Ne5 Qc7 14. f4 0-0-0 15. Qf3 hxg4 16. Qxg4 Nf6 17. Qg2 Bh5 18. Nf3 c4 19. dxc4 Bb4+ 20. c3 Rd3 21. Ke2 Rxe3+ 22. Kxe3 Ng4+ 23. Kd3 Qxf4 24. Rae1 Rd8+ 25. Kc2 Ne3+ 26. Rxe3 Qxe3 27. Nfd2 Qd3+ 28. Kc1 Bf8 29. e5 Kc7 30. Nd4 Rxd4 31. cxd4 Bg6 32. Kd1 Bb4 33. h5 Be4 34. Qe2 Bf3 0-1

[Event "Novosibirsk Sukharev Memorial Seniors"]
[Site "Novosibirsk"]
[Date "2010.07.25"]
[Round "8"]
[White "Mukhamadeev, Razit"]
[Black "Romanov, Viktor"]
[Result "1-0"]
[WhiteElo "2088"]
[BlackElo "1949"]
[PlyCount "92"]
[EventDate "2010.07.18"]
[EventType "swiss"]
[EventRounds "9"]
[EventCountry "RUS"]
[SourceTitle "EXT 2011"]
[Source "ChessBase"]
[SourceDate "2010.11.26"]
[SourceVersion "1"]
[SourceVersionDate "2010.11.26"]
[SourceQuality "1"]

1. e4 e6 2. d4 b6 3. Bd3 Bb7 4. Nf3 Be7 5. 0-0 d5 6. e5 c5 7. c3 Qd7 8. Qc2 Ba6 9. Re1 Bxd3 10. Qxd3 Nc6 11. Bf4 h5 12. Nbd2 c4 13. Qc2 b5 14. b3 Ba3 15. Nf1 Nge7 16. h3 a5 17. bxc4 dxc4 18. Ne3 Nd5 19. Bg5 Nce7 20. Nd2 Nxe3 21. Rxe3 Nd5 22. Rg3 g6 23. Rb1 Rc8 24. Ne4 Be7 25. Bxe7 Kxe7 26. Rf3 Rhf8 27. Qc1 f5 28. Qg5+ Kf7 29. Nd6+ Kg7 30. Nxc8 Rxc8 31. Rg3 Qf7 32. Rxb5 f4 33. Rf3 Qf5 34. Rb7+ Rc7 35. Rxc7+ Nxc7 36. Qe7+ Qf7 37. Qxf7+ Kxf7 38. Rxf4+ Ke7 39. h4 Nd5 40. Rf3 a4 41. Kf1 a3 42. Ke1 Kd7 43. Kd2 Kc6 44. Rf8 Ne7 45. Ra8 Kd5 46. Rxa3 Ke4 1-0

[Event "Novosibirsk Sukharev Memorial Seniors"]
[Site "Novosibirsk"]
[Date "2009.07.18"]
[Round "1"]
[White "Klimov, Valery"]
[Black "Mukhamadeev, Razit"]
[Result "0-1"]
[WhiteElo "1928"]
[BlackElo "2084"]
[PlyCount "58"]
[EventDate "2009.07.18"]
[EventType "swiss"]
[EventRounds "9"]
[EventCountry "RUS"]
[SourceTitle "EXT 2021"]
[Source "ChessBase"]
[SourceDate "2020.10.23"]
[SourceVersion "1"]
[SourceVersionDate "2020.10.23"]
[SourceQuality "1"]

1. e4 c5 2. Nf3 Nc6 3. Nc3 d6 4. d4 cxd4 5. Nxd4 Nf6 6. Bc4 e5 7. Nf3 Be7 8. 0-0 0-0 9. Re1 Bg4 10. h3 Bh5 11. g4 Bg6 12. Kh2 a6 13. a4 Rc8 14. Bd3 Nb4 15. Re2 Qc7 16. Bg5 d5 17. Bxf6 Bxf6 18. Kg2 Rfd8 19. g5 Be7 20. exd5 Nxd5 21. Nxd5 Rxd5 22. Qe1 Bxd3 23. cxd3 Rxd3 24. Nxe5 Rd5 25. f4 a5 26. Ng6 hxg6 27. Rxe7 Qxf4 28. Re8+ Rxe8 29. Qxe8+ Kh7 0-1

[Event "Novosibirsk-ch Seniors op"]
[Site "Novosibirsk"]
[Date "2008.10.01"]
[Round "7"]
[White "Romanov, Viktor"]
[Black "Mukhamadeev, Razit"]
[Result "0-1"]
[WhiteElo "1993"]
[BlackElo "2076"]
[PlyCount "70"]
[EventDate "2008.09.25"]
[EventType "swiss"]
[EventRounds "9"]
[EventCountry "RUS"]
[SourceTitle "EXT 2022"]
[Source "ChessBase"]
[SourceDate "2021.10.06"]
[SourceVersion "1"]
[SourceVersionDate "2021.10.06"]
[SourceQuality "1"]

1. d4 Nf6 2. Bg5 Ne4 3. Bf4 g5 4. f3 gxf4 5. fxe4 c5 6. c3 Qb6 7. Qd2 cxd4 8. cxd4 Bg7 9. Nf3 Nc6 10. e5 d6 11. Nc3 dxe5 12. Nd5 Qd8 13. dxe5 Nxe5 14. Rc1 0-0 15. Nxf4 Nxf3+ 16. gxf3 Qxd2+ 17. Kxd2 Bxb2 18. Rb1 Rd8+ 19. Nd3 Bf6 20. Bg2 b6 21. f4 Rb8 22. Rhc1 e5 23. Rc6 Bg7 24. Rc7 a5 25. Be4 exf4 26. Rg1 Be6 27. Ke1 Rbc8 28. Rb7 Kf8 29. Bxh7 Rxd3 30. Bxd3 Rc1+ 31. Kd2 Rxg1 32. Rxb6 f3 33. exf3 Rg2+ 34. Ke3 Rxa2 35. Ra6 Bc3 0-1